000 00208nam a2200085Ia 4500
008 250605s9999 xx 000 0 und d
041 _aeng
100 _aAbhishek Sharma
245 _aPanasonic India Private Limited
999 _c45054
_d45054